[Event "Copenhagen Chess Challenge 2017"]
[Site "Ballerup"]
[Date "2017.05.10"]
[Round "1.1"]
[White "Jorgensen, Dennis"]
[Black "Andersen, Mads"]
[Result "0-1"]
[WhiteElo "2172"]
[BlackElo "2582"]
[PlyCount "98"]
[EventDate "2017.05.10"]

1. Nf3 d5 2. e3 Nf6 3. b3 Bf5 4. Bb2 e6 5. h3 h6 6. Bd3 Bxd3 7. cxd3 Be7 8. O-O
O-O 9. d4 Nbd7 10. Nc3 c6 11. Ne2 a5 12. a3 Bd6 13. Ne5 Qe7 14. f4 Rfc8 15. d3
Qd8 16. Ng3 g6 17. Ne2 Bf8 18. g4 Ne8 19. Kg2 Bg7 20. Rc1 Nd6 21. Rc2 Rc7 22.
Ng3 Rac8 23. Qd2 b6 24. Rfc1 c5 25. Ne2 Nxe5 26. dxe5 Nb5 27. a4 Na7 28. Nc3
Bf8 29. Qe2 Qd7 30. Qf3 Bg7 31. Qe2 Qc6 32. Qf3 Qd7 33. Qe2 g5 34. Qf3 Rd8 35.
Ne2 Nc6 36. Ba3 d4 37. e4 gxf4 38. Nxf4 Nxe5 39. Qf2 Qe7 40. Rf1 Ng6 41. Nh5
Qh4 42. Qe2 Kh8 43. Bc1 Rg8 44. Qd1 Be5 45. Rcf2 f6 46. Bd2 Rf7 47. Rf3 Ne7 48.
Kh1 Rxg4 49. Nxf6 Rxf6 0-1

[Event "Copenhagen Chess Challenge 2017"]
[Site "Ballerup"]
[Date "2017.05.10"]
[Round "1.2"]
[White "Rasmussen, Allan Stig"]
[Black "Eriksson, Christian Altenburg"]
[Result "1-0"]
[WhiteElo "2547"]
[BlackElo "2170"]
[PlyCount "81"]
[EventDate "2017.05.10"]

1. e4 c5 2. Nf3 Nc6 3. Bb5 Nf6 4. Bxc6 dxc6 5. d3 Bg4 6. h3 Bh5 7. b3 Nd7 8.
Bb2 Qc7 9. e5 e6 10. Nbd2 Nb6 11. Qe2 Be7 12. c4 O-O-O 13. O-O-O Nd7 14. Rhe1
b6 15. g4 Bg6 16. Ne4 h5 17. Qe3 hxg4 18. hxg4 Rh3 19. Ng3 Nb8 20. Bc3 a5 21.
Kb2 Na6 22. Rd2 Rd7 23. Red1 Rh8 24. Ne2 Qd8 25. d4 cxd4 26. Nfxd4 Qc7 27. f4
Nc5 28. f5 Bh7 29. Rh1 Rdd8 30. Ng3 a4 31. Rdh2 Qxe5 32. Qxe5 Nd3+ 33. Kc2 Nxe5
34. Rxh7 axb3+ 35. axb3 Rxh7 36. Rxh7 Nxg4 37. fxe6 Bf6 38. exf7 Rf8 39. Ne4
Kd7 40. Nxf6+ gxf6 41. Nxc6 1-0

[Event "Copenhagen Chess Challenge 2017"]
[Site "Ballerup"]
[Date "2017.05.10"]
[Round "1.3"]
[White "Dahl, Trygve"]
[Black "Chatalbashev, Boris"]
[Result "0-1"]
[WhiteElo "2169"]
[BlackElo "2546"]
[PlyCount "58"]
[EventDate "2017.05.10"]

1. e4 g6 2. d4 Bg7 3. Nc3 d6 4. Be3 a6 5. h4 Nf6 6. f3 b5 7. Qd2 h5 8. O-O-O
Bb7 9. a3 Nbd7 10. Nh3 O-O 11. Ng5 c5 12. Be2 Rc8 13. g4 b4 14. Nb1 cxd4 15.
Bxd4 b3 16. c3 Qa5 17. gxh5 Nxh5 18. Bxg7 Kxg7 19. f4 Ng3 20. Rhg1 Nxe4 21.
Nxe4 Bxe4 22. h5 Nf6 23. hxg6 fxg6 24. Rg5 Rc5 25. Rdg1 Rxg5 26. Rxg5 Qb6 27.
Bd3 Rh8 28. Bxe4 Nxe4 29. Qe1 Nxg5 0-1

[Event "Copenhagen Chess Challenge 2017"]
[Site "Ballerup"]
[Date "2017.05.10"]
[Round "1.4"]
[White "Urkedal, Frode"]
[Black "Quinones Maletti, Julio Guillermo"]
[Result "1-0"]
[WhiteElo "2540"]
[BlackElo "2164"]
[PlyCount "91"]
[EventDate "2017.05.10"]

1. d4 Nf6 2. c4 g6 3. Nc3 Bg7 4. e4 d6 5. Nf3 O-O 6. h3 e5 7. d5 a5 8. g4 Na6
9. Be3 Nc5 10. Nd2 c6 11. Be2 Bd7 12. h4 b5 13. g5 Nh5 14. Bxc5 dxc5 15. dxc6
Bxc6 16. cxb5 Bb7 17. Bxh5 gxh5 18. Nc4 f5 19. Nd6 Qb6 20. Qb3+ c4 21. Nxc4 Qe6
22. Nxa5 Qxb3 23. Nxb3 fxe4 24. Nc5 Bc8 25. N3xe4 Bg4 26. Rg1 Rfd8 27. a4 Rd4
28. Rg3 Kf7 29. Rd3 Rad8 30. Rxd4 Rxd4 31. b6 Rb4 32. Nd6+ Ke7 33. Nb5 Bf3 34.
Rd1 Bxd1 35. b7 Bxa4 36. b8=Q Bxb5 37. Qc7+ Ke8 38. Qxg7 Rxh4 39. Qxe5+ Kf7 40.
Qf6+ Ke8 41. g6 Rh1+ 42. Kd2 Bc4 43. gxh7 Rg1 44. h8=Q+ Rg8 45. Qxh5+ Bf7 46.
Qhxf7# 1-0

[Event "Copenhagen Chess Challenge 2017"]
[Site "Ballerup"]
[Date "2017.05.10"]
[Round "1.5"]
[White "Nielsen, Thomas Bach"]
[Black "Hector, Jonny"]
[Result "1/2-1/2"]
[WhiteElo "2163"]
[BlackElo "2498"]
[PlyCount "134"]
[EventDate "2017.05.10"]

1. f4 d5 2. Nf3 h6 3. g3 g5 4. d4 Bf5 5. fxg5 Nc6 6. Bg2 e6 7. O-O Bg7 8. c3
Qd7 9. Nbd2 Nge7 10. Qe1 O-O-O 11. e4 Bg6 12. Qe2 hxg5 13. Nb3 b6 14. Nxg5 Rdf8
15. a4 Nb8 16. exd5 exd5 17. a5 Bh5 18. Qf2 f6 19. Nf3 Qb5 20. axb6 axb6 21.
Nbd2 Bg6 22. Nh4 Bd3 23. Re1 Re8 24. Ndf3 Nec6 25. Bf4 Na5 26. b4 Nac6 27. Bf1
Bxf1 28. Qxf1 Qxf1+ 29. Kxf1 Rxe1+ 30. Rxe1 Kd7 31. Nf5 Bf8 32. h4 Na7 33. Ne3
Kc6 34. Ke2 Nb5 35. Kd3 Bd6 36. Nxd5 Kxd5 37. c4+ Kc6 38. d5+ Kb7 39. cxb5 Bxb4
40. Rc1 Bc5 41. Nd4 Nd7 42. Ne6 Rh5 43. Ke4 f5+ 44. Kf3 Rh7 45. Nxc7 Nf6 46. d6
Rd7 47. Rd1 Ne4 48. Ne8 Nc3 49. Nf6 Rd8 50. Rd3 Nxb5 51. d7 Nd4+ 52. Kg2 Kc6
53. Be5 Nc2 54. Kf1 Ne3+ 55. Ke2 Nc4 56. Ba1 Be7 57. h5 Bf8 58. Kf3 Bh6 59. g4
fxg4+ 60. Nxg4 Bg5 61. Ke4 Rxd7 62. Rxd7 Kxd7 63. Kf5 Bc1 64. Ne5+ Nxe5 65.
Bxe5 Ke7 66. Bf4 Bxf4 67. Kxf4 Kf6 1/2-1/2

[Event "Copenhagen Chess Challenge 2017"]
[Site "Ballerup"]
[Date "2017.05.10"]
[Round "1.6"]
[White "Hansen, Mads"]
[Black "Brondal, Paul"]
[Result "1-0"]
[WhiteElo "2440"]
[BlackElo "2118"]
[PlyCount "107"]
[EventDate "2017.05.10"]

1. e4 g6 2. d4 Bg7 3. Nf3 d6 4. Bc4 Nf6 5. Qe2 O-O 6. e5 Ne8 7. O-O Nc6 8. h3
dxe5 9. dxe5 Nd4 10. Nxd4 Qxd4 11. Re1 Bf5 12. Nd2 Rd8 13. Nf3 Qb6 14. Bg5 Rd7
15. Rad1 Rxd1 16. Rxd1 Qxb2 17. Bxe7 Qxc2 18. Qxc2 Bxc2 19. Rd8 Ba4 20. Ra8 a6
21. e6 f5 22. Ng5 h6 23. Nf7 Bc6 24. Nd8 Be4 25. f3 b5 26. fxe4 bxc4 27. Kf1
fxe4+ 28. Bxf8 Kxf8 29. Nc6 c3 30. Ke2 h5 31. Rxa6 Bh6 32. Nb4 Nd6 33. a4 Nf5
34. Ra8+ Ke7 35. Nd5+ Kxe6 36. Nxc3 Nd4+ 37. Kd1 e3 38. a5 Bg7 39. a6 Nc6 40.
Nb5 Kf5 41. a7 Bf6 42. Ke2 Nxa7 43. Rxa7 c6 44. Nd6+ Ke5 45. Nc4+ Kf4 46. Rf7
Kg3 47. Rxf6 Kxg2 48. Rxg6+ Kxh3 49. Nxe3 c5 50. Kf3 c4 51. Rg3+ Kh2 52. Nf1+
Kh1 53. Kf2 h4 54. Rh3# 1-0

[Event "Copenhagen Chess Challenge 2017"]
[Site "Ballerup"]
[Date "2017.05.10"]
[Round "1.7"]
[White "Itkin, David"]
[Black "Teplyi, Igor"]
[Result "1/2-1/2"]
[WhiteElo "2118"]
[BlackElo "2440"]
[PlyCount "162"]
[EventDate "2017.05.10"]

1. e4 c5 2. Nf3 d6 3. d4 cxd4 4. Nxd4 Nf6 5. f3 Nc6 6. c4 Qb6 7. Nc2 g6 8. Nc3
Bg7 9. Rb1 Ng4 10. Qd2 Bh6 11. Qe2 Bxc1 12. Rxc1 Nf6 13. b3 O-O 14. Qe3 Qa5 15.
Be2 Be6 16. O-O Rfe8 17. Rfd1 Rac8 18. Kh1 a6 19. Bf1 Kg7 20. Nd4 Nxd4 21. Qxd4
Qc5 22. Qd2 Qe5 23. Qe3 Qc5 24. Qd2 Qa5 25. Qd4 Qb4 26. e5 dxe5 27. Qxe5 Kg8
28. Rd4 b6 29. Rh4 Red8 30. Qg5 Rc5 31. Qe3 Qa5 32. Rd4 Rcc8 33. Rcd1 Rxd4 34.
Qxd4 Qc5 35. Qxc5 bxc5 36. Kg1 Kg7 37. Kf2 Bd7 38. Nd5 Nxd5 39. Rxd5 Rc7 40. g3
a5 41. Be2 Kf6 42. f4 h5 43. Bd1 e6 44. Rd6 Bc6 45. Bf3 Bxf3 46. Kxf3 a4 47.
Rb6 axb3 48. Rxb3 Ra7 49. a3 Ra4 50. Rc3 e5 51. Ke4 exf4 52. Kd5 fxg3 53. hxg3
Ra5 54. Kc6 Ke5 55. Kb6 Kd4 56. Rf3 Ra8 57. Rf4+ Ke5 58. Rf3 Ke4 59. Rf4+ Ke5
60. Rf3 g5 61. Kxc5 Ke4 62. Rxf7 Rxa3 63. Rh7 Rxg3 64. Rxh5 g4 65. Rg5 Kf4 66.
Rg8 Rh3 67. Kb6 Rh6+ 68. Kb5 g3 69. c5 Rh5 70. Kb6 Rg5 71. Rxg5 Kxg5 72. c6 g2
73. c7 g1=Q+ 74. Kb7 Qb1+ 75. Ka7 Qa2+ 76. Kb7 Qd5+ 77. Ka7 Qc5+ 78. Kb7 Qb5+
79. Ka7 Qc6 80. Kb8 Qb6+ 81. Ka8 Qxc7 1/2-1/2

[Event "Copenhagen Chess Challenge 2017"]
[Site "Ballerup"]
[Date "2017.05.10"]
[Round "1.8"]
[White "Ochsner, Bjorn Moller"]
[Black "Andersen, Soren Mikkel"]
[Result "1-0"]
[WhiteElo "2436"]
[BlackElo "2111"]
[PlyCount "103"]
[EventDate "2017.05.10"]

1. e4 c5 2. Nf3 d6 3. Bb5+ Bd7 4. Bxd7+ Qxd7 5. c4 Nf6 6. Nc3 g6 7. d4 cxd4 8.
Nxd4 Bg7 9. f3 O-O 10. Be3 Nc6 11. O-O Rfc8 12. b3 Qd8 13. Qd3 a6 14. Rfc1 e6
15. Nxc6 Rxc6 16. Rab1 Rac8 17. a4 Nd7 18. Ne2 Qe7 19. Rd1 Ne5 20. Qd2 f5 21.
exf5 gxf5 22. Re1 R6c7 23. Bb6 Rd7 24. Nd4 d5 25. f4 Ng6 26. Nxf5 Qf7 27. Nxg7
dxc4 28. Qe3 Kxg7 29. Rbc1 Rc6 30. Bd4+ Kg8 31. g3 cxb3 32. Rxc6 bxc6 33. Bb2
Qf5 34. Qxb3 Qc5+ 35. Kf1 Qd5 36. Qxd5 exd5 37. f5 Nf8 38. Re8 Kf7 39. Rc8 Rb7
40. Bc3 Rb1+ 41. Ke2 d4 42. Bxd4 Nd7 43. Rc7 Ke8 44. f6 c5 45. Bc3 Nb6 46. Rxc5
Nxa4 47. Rc8+ Kf7 48. Rc7+ Kf8 49. Bd2 Rb2 50. Kd1 Rb1+ 51. Kc2 Rb2+ 52. Kc1
1-0

[Event "Copenhagen Chess Challenge 2017"]
[Site "Ballerup"]
[Date "2017.05.10"]
[Round "1.9"]
[White "Adinolfi, Vincenzo"]
[Black "Percivaldi, Martin"]
[Result "0-1"]
[WhiteElo "2108"]
[BlackElo "2421"]
[PlyCount "66"]
[EventDate "2017.05.10"]

1. d4 d5 2. Nf3 Nf6 3. c4 c6 4. Nc3 dxc4 5. a4 Bf5 6. e3 e6 7. Bxc4 Bb4 8. O-O
Nbd7 9. Qe2 O-O 10. h3 Bg6 11. Rd1 a5 12. Ne5 Nxe5 13. dxe5 Nd7 14. Bd3 Bxd3
15. Rxd3 Qc7 16. f4 Nc5 17. Rd1 Rfd8 18. Bd2 Qb6 19. Be1 Rxd1 20. Rxd1 Bxc3 21.
Bxc3 Nxa4 22. Rd7 Nxc3 23. bxc3 a4 24. Kh2 a3 25. f5 Qc5 26. Qd2 Qxe5+ 27. g3
h6 28. fxe6 Qxe6 29. Rd8+ Rxd8 30. Qxd8+ Kh7 31. Qa5 a2 32. h4 Qb3 33. h5 Qd5
0-1

[Event "Copenhagen Chess Challenge 2017"]
[Site "Ballerup"]
[Date "2017.05.10"]
[Round "1.10"]
[White "Hagen, Andreas Skytte"]
[Black "Slettebo, Jan"]
[Result "1-0"]
[WhiteElo "2389"]
[BlackElo "2020"]
[PlyCount "34"]
[EventDate "2017.05.10"]

1. c4 e5 2. g3 Nf6 3. Bg2 c6 4. d4 e4 5. Nc3 d5 6. Bg5 Nbd7 7. cxd5 cxd5 8. Nh3
h6 9. Bf4 Qb6 10. O-O a6 11. Qb3 Qe6 12. f3 g5 13. Bc7 Bg7 14. fxe4 dxe4 15. e3
O-O 16. Nf2 Qc6 17. Ba5 Re8 1-0

[Event "Copenhagen Chess Challenge 2017"]
[Site "Ballerup"]
[Date "2017.05.10"]
[Round "1.11"]
[White "Andersen, Kim Nyvang"]
[Black "Pfreundt, Jakob"]
[Result "0-1"]
[WhiteElo "2011"]
[BlackElo "2388"]
[PlyCount "162"]
[EventDate "2017.05.10"]

1. d4 d5 2. c4 e6 3. Nc3 Nf6 4. cxd5 Nxd5 5. Nf3 c5 6. e4 Nxc3 7. bxc3 cxd4 8.
cxd4 Bb4+ 9. Bd2 Bxd2+ 10. Qxd2 O-O 11. Bd3 Nc6 12. e5 Qa5 13. Be4 Bd7 14. Rc1
Rac8 15. Bxc6 Qxd2+ 16. Kxd2 Bxc6 17. Rc3 Bxf3 18. Rxf3 Rc4 19. Rd3 Rfc8 20.
Rb1 Rc2+ 21. Ke3 b6 22. Rd2 R8c3+ 23. Ke2 Rc4 24. Rbd1 Kf8 25. Kd3 R2c3+ 26.
Ke4 Ke7 27. Rd3 Rc2 28. R1d2 Rxd2 29. Rxd2 Kd7 30. f4 b5 31. f5 a5 32. fxe6+
Kxe6 33. g4 b4 34. g5 a4 35. Rb2 b3 36. axb3 Rb4 37. h4 axb3 38. h5 h6 39. gxh6
gxh6 40. Kd3 Kd5 41. Kc3 Rb8 42. Kd3 Rg8 43. Rf2 Rb8 44. Rb2 Rb4 45. Kc3 Rxd4
46. Rxb3 Kxe5 47. Rb7 Rf4 48. Kd3 Kf6 49. Ke3 Kg5 50. Rb8 Rf6 51. Rb1 Kxh5 52.
Rh1+ Kg4 53. Rg1+ Kf5 54. Rh1 Kg6 55. Rg1+ Kh7 56. Rh1 Rf5 57. Ke4 Rg5 58. Kf4
Kg6 59. Ra1 h5 60. Ra8 Rg4+ 61. Kf3 Rb4 62. Rg8+ Kf5 63. Rh8 Rb3+ 64. Kg2 Kg6
65. Rg8+ Kh7 66. Rg5 Kh6 67. Rg8 f6 68. Rh8+ Kg5 69. Rg8+ Kf4 70. Rh8 Rb2+ 71.
Kh3 Re2 72. Rxh5 f5 73. Rh8 Kf3 74. Rf8 f4 75. Kh4 Re1 76. Rf7 Rh1+ 77. Kg5
Rg1+ 78. Kh4 Rg8 79. Rf6 Rh8+ 80. Kg5 Kg3 81. Rf7 f3 0-1

[Event "Copenhagen Chess Challenge 2017"]
[Site "Ballerup"]
[Date "2017.05.10"]
[Round "1.12"]
[White "Aabling Thomsen, Jakob"]
[Black "Fossan, Andreas"]
[Result "1-0"]
[WhiteElo "2382"]
[BlackElo "1994"]
[PlyCount "79"]
[EventDate "2017.05.10"]

1. e4 e6 2. Qe2 c5 3. g3 Nc6 4. Nf3 Nf6 5. Bg2 d5 6. d3 Be7 7. O-O b5 8. e5 Nd7
9. c4 bxc4 10. dxc4 Nb6 11. b3 O-O 12. Rd1 Qc7 13. Nc3 Ba6 14. Nb5 Bxb5 15.
cxb5 Nb8 16. a4 a5 17. Bd2 N8d7 18. Qe1 Qa7 19. Rdc1 Rfe8 20. h4 Bd8 21. h5 f6
22. Ra2 fxe5 23. Nxe5 Nxe5 24. Qxe5 Bf6 25. Qe1 Bd4 26. Be3 Bxe3 27. Qxe3 Nd7
28. Re2 Qc7 29. h6 gxh6 30. Qxh6 Nf8 31. Rce1 Qf7 32. Bh3 d4 33. Qg5+ Kh8 34.
Qxc5 Rad8 35. b6 Rd5 36. Bxe6 Rxc5 37. Bxf7 Rxe2 38. Rxe2 d3 39. Rd2 Nd7 40. b7
1-0

[Event "Copenhagen Chess Challenge 2017"]
[Site "Ballerup"]
[Date "2017.05.10"]
[Round "1.13"]
[White "Pakmor, Claus"]
[Black "Getz, Nicolai"]
[Result "0-1"]
[WhiteElo "1992"]
[BlackElo "2378"]
[PlyCount "48"]
[EventDate "2017.05.10"]

1. e4 e5 2. Nf3 Nc6 3. Bb5 a6 4. Ba4 Nf6 5. O-O b5 6. Bb3 Bb7 7. Re1 Bc5 8. c3
Bb6 9. d4 d6 10. h3 O-O 11. dxe5 Nxe5 12. Nxe5 dxe5 13. Qxd8 Raxd8 14. Bg5 Nxe4
15. Bxd8 Bxf2+ 16. Kf1 Bxe1 17. Bxc7 Bg3 18. Bb6 Rc8 19. Be3 Bf4 20. Bxf4 exf4
21. Bc2 Ng3+ 22. Kf2 Re8 23. Bd3 Nh1+ 24. Kf1 Re3 0-1

[Event "Copenhagen Chess Challenge 2017"]
[Site "Ballerup"]
[Date "2017.05.10"]
[Round "1.14"]
[White "Arman, Deniz"]
[Black "Sorensen, Per Settergren"]
[Result "1-0"]
[WhiteElo "2377"]
[BlackElo "1980"]
[PlyCount "61"]
[EventDate "2017.05.10"]

1. e4 e5 2. Nf3 Nc6 3. Bc4 Bc5 4. d3 Nf6 5. Bb3 a6 6. c3 Ba7 7. h3 d6 8. Nbd2
O-O 9. Nf1 Be6 10. Bg5 h6 11. Bh4 Qe7 12. Ne3 Na5 13. Bc2 Bxe3 14. fxe3 c5 15.
O-O Nc6 16. d4 Bc4 17. Rf2 a5 18. Nd2 g5 19. Nxc4 gxh4 20. Nb6 Rae8 21. Qf3 Nh7
22. dxc5 dxc5 23. Bb3 Rd8 24. Raf1 c4 25. Bxc4 Ng5 26. Qh5 Qc5 27. Qg6+ Kh8 28.
Qxh6+ Nh7 29. Rxf7 Rxf7 30. Rxf7 Rd1+ 31. Kh2 1-0

[Event "Copenhagen Chess Challenge 2017"]
[Site "Ballerup"]
[Date "2017.05.10"]
[Round "1.15"]
[White "Harstad, Christian"]
[Black "Englert, Fabian"]
[Result "0-1"]
[WhiteElo "1979"]
[BlackElo "2375"]
[PlyCount "106"]
[EventDate "2017.05.10"]

1. d4 d5 2. c4 e6 3. Nc3 a6 4. c5 e5 5. Be3 Nc6 6. Nf3 e4 7. Nd2 Nge7 8. Nb3
Nf5 9. Qd2 Be7 10. f3 Nxe3 11. Qxe3 f5 12. f4 g5 13. g3 gxf4 14. Qxf4 Bg5 15.
Qf2 O-O 16. h4 Bh6 17. e3 a5 18. a3 b6 19. cxb6 cxb6 20. Bb5 Qd6 21. Qe2 Kh8
22. Rg1 Bd7 23. O-O-O Na7 24. Bxd7 Qxd7 25. Rde1 a4 26. Na1 Rfc8 27. Nc2 Rxc3
28. bxc3 Rc8 29. g4 f4 30. exf4 Bxf4+ 31. Kb2 Nb5 32. Ref1 Nxc3 33. Qa6 Qc7 34.
Rg2 Bh6 35. Rf7 Nd1+ 36. Kb1 Qc3 37. Qb5 Qb3+ 38. Qxb3 axb3 39. g5 bxc2+ 40.
Kc1 Bg7 41. Rxc2 Rxc2+ 42. Kxc2 Kg8 43. Rd7 Ne3+ 44. Kd2 Bxd4 45. h5 Nf1+ 46.
Ke1 Ng3 47. Rxd5 Bc5 48. Rd8+ Kf7 49. Rd7+ Ke6 50. Rxh7 e3 51. Rh6+ Kf5 52. Rh8
Bxa3 53. Rc8 Bb4+ 0-1

[Event "Copenhagen Chess Challenge 2017"]
[Site "Ballerup"]
[Date "2017.05.10"]
[Round "1.16"]
[White "Hoi, Carsten"]
[Black "Stage Steffensen, Sander"]
[Result "1/2-1/2"]
[WhiteElo "2368"]
[BlackElo "1952"]
[PlyCount "72"]
[EventDate "2017.05.10"]

1. d4 Nf6 2. c4 e6 3. Nc3 d5 4. Bg5 Be7 5. e3 h6 6. Bxf6 Bxf6 7. Nf3 Nc6 8. Rc1
O-O 9. Bd3 Re8 10. O-O dxc4 11. Bxc4 e5 12. Qb3 Rf8 13. dxe5 Nxe5 14. Nxe5 Bxe5
15. Rcd1 Qe8 16. f4 Bxc3 17. Qxc3 Bg4 18. Rde1 Bf5 19. e4 Bd7 20. Rf3 Kh8 21.
Rg3 f6 22. e5 Qe7 23. exf6 Qc5+ 24. Qe3 Qxe3+ 25. Rexe3 Rxf6 26. Re7 Rxf4 27.
Rxd7 Rxc4 28. Rgxg7 Rc1+ 29. Kf2 Rc2+ 30. Ke3 Rxb2 31. Rh7+ Kg8 32. Rdg7+ Kf8
33. Rxc7 Rxg2 34. Rxb7 Kg8 35. Rxh6 Rxa2 36. Rhh7 a5 1/2-1/2

[Event "Copenhagen Chess Challenge 2017"]
[Site "Ballerup"]
[Date "2017.05.10"]
[Round "1.17"]
[White "Larsen, Ulrik"]
[Black "Nikolovski, Nikola"]
[Result "0-1"]
[WhiteElo "1938"]
[BlackElo "2366"]
[PlyCount "110"]
[EventDate "2017.05.10"]

1. e4 c5 2. Nf3 d6 3. d4 cxd4 4. Nxd4 Nf6 5. Nc3 g6 6. Be3 Bg7 7. f3 Nc6 8. Bc4
O-O 9. Qd2 Bd7 10. O-O-O Rc8 11. Bb3 Ne5 12. Kb1 Nc4 13. Bxc4 Rxc4 14. g4 b5
15. h4 b4 16. Nce2 h5 17. gxh5 Nxh5 18. Rdg1 e5 19. Nb3 Qf6 20. Ng3 Nf4 21. h5
Rfc8 22. hxg6 fxg6 23. Rc1 d5 24. Na5 R4c7 25. Ne2 Qa6 26. Nxf4 exf4 27. Bd4
Be6 28. Bxg7 Rxg7 29. exd5 Bf5 30. Nc6 Qc4 31. Qxb4 Qxb4 32. Nxb4 Rc5 33. d6
Rd7 34. Rcd1 Rc4 35. Nd3 Rxd6 36. Rhe1 Rc7 37. Nb4 Rxd1+ 38. Rxd1 a5 39. Nd3
Kg7 40. Re1 Kf6 41. b3 g5 42. Re2 Rc3 43. Rd2 Rc7 44. Kb2 Re7 45. Nc5 Re3 46.
Rf2 Bg6 47. Nb7 Bh5 48. Nxa5 Rxf3 49. Rh2 Bg6 50. c4 g4 51. c5 g3 52. Rh1 Rf2+
53. Ka3 g2 54. Rg1 f3 55. Nc4 Rf1 0-1

[Event "Copenhagen Chess Challenge 2017"]
[Site "Ballerup"]
[Date "2017.05.10"]
[Round "1.18"]
[White "Rostgaard, Tobias Valentin"]
[Black "Nilssen, Ellen Fredericia"]
[Result "1-0"]
[WhiteElo "2366"]
[BlackElo "1926"]
[PlyCount "49"]
[EventDate "2017.05.10"]

1. e4 e6 2. d4 d5 3. Nd2 Be7 4. e5 c5 5. c3 Nc6 6. Bd3 Qb6 7. Ndf3 cxd4 8. cxd4
Bd7 9. Ne2 Nh6 10. Bxh6 gxh6 11. O-O O-O-O 12. Qd2 Rdg8 13. a3 h5 14. b4 h4 15.
Qh6 h3 16. g3 Bf8 17. Qh5 h6 18. Qxf7 h5 19. b5 Rg7 20. Qf6 Na5 21. Nh4 Rhg8
22. Ng6 Qd8 23. Rfc1+ Kb8 24. Qxd8+ Bc8 25. Qxc8# 1-0

[Event "Copenhagen Chess Challenge 2017"]
[Site "Ballerup"]
[Date "2017.05.10"]
[Round "1.19"]
[White "Nielsen, Thomas (1975)"]
[Black "Haubro, Martin"]
[Result "0-1"]
[WhiteElo "1916"]
[BlackElo "2356"]
[PlyCount "90"]
[EventDate "2017.05.10"]

1. d4 Nf6 2. c4 e6 3. Nf3 b6 4. g3 Bb7 5. Bg2 Be7 6. O-O O-O 7. Nc3 Ne4 8. Qc2
Nxc3 9. Qxc3 f5 10. b4 Bf6 11. Bb2 Qe7 12. Qb3 d6 13. Rac1 Nd7 14. Rfe1 Kh8 15.
Bc3 Rab8 16. Qa4 a6 17. Red1 b5 18. cxb5 axb5 19. Qc2 Be4 20. Qb3 Bd5 21. Qc2
Ra8 22. Ra1 Nb6 23. Nd2 Ra3 24. Bb2 Rxa2 25. Rxa2 Bxa2 26. Bc6 Bc4 27. Nxc4
bxc4 28. d5 Bxb2 29. Qxb2 h6 30. dxe6 Qxe6 31. Qd2 Qe5 32. e3 d5 33. Qc2 Rd8
34. b5 Nc8 35. Rd4 Ne7 36. Qd1 Nxc6 37. bxc6 Rd6 38. Qa4 Qe8 39. Qc2 Qe6 40.
Qd1 Kh7 41. h4 Rxc6 42. Rxd5 c3 43. Qd3 c2 44. Rxf5 c1=Q+ 45. Kg2 Qc2 0-1

[Event "Copenhagen Chess Challenge 2017"]
[Site "Ballerup"]
[Date "2017.05.10"]
[Round "1.20"]
[White "Fries Nielsen, Jens Ove"]
[Black "Steenstrup, Svend"]
[Result "1-0"]
[WhiteElo "2351"]
[BlackElo "1916"]
[PlyCount "51"]
[EventDate "2017.05.10"]

1. e4 d5 2. exd5 Qxd5 3. Nc3 Qd6 4. g3 e5 5. Bg2 Nf6 6. d3 Bg4 7. Nf3 Nc6 8. h3
Bh5 9. g4 Bg6 10. Nh4 O-O-O 11. Nxg6 hxg6 12. Qf3 e4 13. Nxe4 Re8 14. O-O Nxe4
15. dxe4 Ne5 16. Qe2 Qb6 17. a4 Bc5 18. Kh1 Qe6 19. f3 f5 20. exf5 gxf5 21. b4
fxg4 22. fxg4 Bxb4 23. Rb1 Bd6 24. Bxb7+ Kd8 25. Bg5+ Re7 26. Bg2 1-0

[Event "Copenhagen Chess Challenge 2017"]
[Site "Ballerup"]
[Date "2017.05.10"]
[Round "1.21"]
[White "Oltzen, Samuel"]
[Black "Bjerre, Jonas Buhl"]
[Result "0-1"]
[WhiteElo "1914"]
[BlackElo "2338"]
[PlyCount "86"]
[EventDate "2017.05.10"]

1. e4 c5 2. Nf3 e6 3. d4 cxd4 4. Nxd4 Nc6 5. Nc3 Qc7 6. Ndb5 Qb8 7. Be3 a6 8.
Nd4 Nf6 9. Bd3 Qc7 10. Nxc6 bxc6 11. O-O e5 12. f4 d6 13. fxe5 Ng4 14. Qd2 Nxe5
15. Be2 Be7 16. Kh1 O-O 17. Bf4 Be6 18. b3 Rfd8 19. Bf3 Ng6 20. Bg3 Bf6 21.
Rad1 Be5 22. Bxe5 Nxe5 23. Ne2 f6 24. Nd4 Bf7 25. Nf5 Nxf3 26. gxf3 d5 27. Qg2
Bg6 28. Nh4 dxe4 29. fxe4 Rxd1 30. Rxd1 Bh5 31. Rd3 Rd8 32. Nf5 Rxd3 33. cxd3
g6 34. Ng3 Bg4 35. Qf2 Kg7 36. Ne2 Qe5 37. Nd4 c5 38. Nc2 Qc3 39. Ne3 Bh3 40.
Nd5 Qc1+ 41. Qg1 Qd2 42. Ne3 Qxd3 43. Nf5+ Bxf5 0-1

[Event "Copenhagen Chess Challenge 2017"]
[Site "Ballerup"]
[Date "2017.05.10"]
[Round "1.22"]
[White "Kleinman, Michael"]
[Black "Tandrup, Michael"]
[Result "1-0"]
[WhiteElo "2335"]
[BlackElo "1906"]
[PlyCount "67"]
[EventDate "2017.05.10"]

1. e4 c5 2. Nf3 Nc6 3. Bb5 g6 4. Bxc6 bxc6 5. O-O Bg7 6. Re1 e5 7. c3 d6 8. h3
Ne7 9. d4 cxd4 10. cxd4 exd4 11. Nxd4 O-O 12. Nc3 h6 13. Bf4 d5 14. exd5 cxd5
15. Qd2 g5 16. Be5 Bxe5 17. Rxe5 Qd6 18. Rae1 Ng6 19. Rxd5 Qf4 20. Re3 Bb7 21.
Nde2 Qb8 22. Rd7 Bc6 23. Nd5 Bxd5 24. Rxd5 Nf4 25. Nxf4 Qxf4 26. h4 Rae8 27.
hxg5 Rxe3 28. Qxe3 Qxe3 29. fxe3 Re8 30. gxh6 Rxe3 31. Ra5 Re7 32. Ra6 Rc7 33.
b3 Kh7 34. Kh2 1-0

[Event "Copenhagen Chess Challenge 2017"]
[Site "Ballerup"]
[Date "2017.05.10"]
[Round "1.23"]
[White "Nielsen, Carsten Juul"]
[Black "Lokander, Martin"]
[Result "0-1"]
[WhiteElo "1897"]
[BlackElo "2333"]
[PlyCount "52"]
[EventDate "2017.05.10"]

1. d4 Nf6 2. c4 g6 3. Nc3 Bg7 4. e4 O-O 5. Bd3 d6 6. Nge2 c5 7. dxc5 dxc5 8.
O-O Nc6 9. Ng3 Be6 10. Nd5 Nd4 11. Rb1 b5 12. b3 Bd7 13. Bf4 Rc8 14. Qd2 Ng4
15. Ne2 e6 16. Ne3 Ne5 17. Nxd4 Nxd3 18. Qxd3 cxd4 19. Ng4 bxc4 20. bxc4 Qh4
21. h3 h5 22. Bg3 Qg5 23. f4 Qc5 24. Ne5 Ba4 25. Rb7 Bc6 26. Nd7 Qe7 0-1

[Event "Copenhagen Chess Challenge 2017"]
[Site "Ballerup"]
[Date "2017.05.10"]
[Round "1.24"]
[White "Kristensen, Kaare Hove"]
[Black "Bendixen, Daniel"]
[Result "1-0"]
[WhiteElo "2329"]
[BlackElo "1855"]
[PlyCount "63"]
[EventDate "2017.05.10"]

1. e4 c5 2. Nf3 Nc6 3. d4 cxd4 4. Nxd4 g6 5. c4 Bg7 6. Nc2 d6 7. Be2 Nf6 8. Nc3
O-O 9. O-O Bd7 10. Bd2 a6 11. Kh1 Qc7 12. Rc1 Rad8 13. Nd5 Qb8 14. Bg5 Rfe8 15.
f3 Nxd5 16. exd5 Na7 17. Nd4 Rc8 18. Qd2 e5 19. dxe6 fxe6 20. b3 Nc6 21. Nc2
Ne5 22. Rfd1 Nf7 23. Bf4 e5 24. Be3 Bc6 25. Nb4 Qc7 26. c5 dxc5 27. Nxc6 Qxc6
28. Rxc5 Qe6 29. Bc4 Qe7 30. Rxc8 Rxc8 31. Qd7 Qxd7 32. Rxd7 1-0

[Event "Copenhagen Chess Challenge 2017"]
[Site "Ballerup"]
[Date "2017.05.10"]
[Round "1.25"]
[White "Marthedal, Anton Mehmet Yildiz"]
[Black "Reimanis, Ritvars"]
[Result "0-1"]
[WhiteElo "1855"]
[BlackElo "2302"]
[PlyCount "48"]
[EventDate "2017.05.10"]

1. e4 c5 2. Nf3 Nc6 3. d4 cxd4 4. Nxd4 Nf6 5. Nc3 d6 6. Nxc6 bxc6 7. e5 dxe5 8.
Qxd8+ Kxd8 9. Bg5 Bf5 10. O-O-O+ Kc7 11. Bd3 e6 12. Bxf5 exf5 13. Bxf6 gxf6 14.
Rd3 e4 15. Rh3 h5 16. f3 Re8 17. f4 Bd6 18. Rh4 Reg8 19. g3 Bb4 20. Ne2 Bc5 21.
Rd1 Rd8 22. Rxd8 Rxd8 23. Nc3 Bd4 24. Nd1 e3 0-1

[Event "Copenhagen Chess Challenge 2017"]
[Site "Ballerup"]
[Date "2017.05.10"]
[Round "1.26"]
[White "Stojanovski, Sandi"]
[Black "Larsen, Preben R"]
[Result "1-0"]
[WhiteElo "2277"]
[BlackElo "1841"]
[PlyCount "101"]
[EventDate "2017.05.10"]

1. c4 e5 2. g3 Nc6 3. Nc3 Nf6 4. Bg2 Be7 5. Nf3 d6 6. d4 exd4 7. Nxd4 Nxd4 8.
Qxd4 O-O 9. O-O Nd7 10. Nd5 Bf6 11. Nxf6+ Qxf6 12. Qxf6 Nxf6 13. Be3 Re8 14.
Bd4 Rxe2 15. Rfe1 Rxe1+ 16. Rxe1 Kf8 17. c5 Ne8 18. cxd6 cxd6 19. Re3 Nc7 20.
Rb3 Ne6 21. Be3 Nd8 22. Bf4 Ke8 23. Bxd6 Nc6 24. h4 Nd8 25. Re3+ Be6 26. Be5 g6
27. Bf6 Rc8 28. a3 Rc7 29. Bh3 Rd7 30. Bxd8 Kxd8 31. Bxe6 fxe6 32. Rxe6 Rd2 33.
b4 Kd7 34. Re3 Rd5 35. Kg2 a5 36. bxa5 Rxa5 37. g4 Ra4 38. Kg3 Kd6 39. f4 Kd5
40. f5 gxf5 41. gxf5 Ra6 42. Kf4 h6 43. Rd3+ Kc4 44. Rg3 Kd5 45. Rd3+ Kc4 46.
Rd7 b5 47. Ke5 Rxa3 48. f6 Rf3 49. f7 b4 50. Rd4+ Kc5 51. Rf4 1-0